[Event "47. Sparkassen Chess-Meeting 2019"]
[Site "Dortmund"]
[Date "2019.07.13"]
[Round "1"]
[White "Dominguez Perez, Leinier"]
[Black "Nisipeanu, Liviu-Dieter"]
[Result "1-0"]
[WhiteElo "2760"]
[BlackElo "2672"]
[Annotator "TA"]
[PlyCount "55"]
[EventDate "2019.07.13"]
[EventCountry "GER"]
[SourceTitle "playchess.com"]
[Source "ChessBase"]
[SourceQuality "1"]

{[%evp 11,75,18,18,15,25,13,26,33,38,32,32,39,29,31,33,0,15,0,31,29,32,27,39,28,31,0,0,0,33,13,18,14,24,13,25,12,98,99,121,111,116,104,121,131,154,110,99,108,108,112,105,99,117,103,283,154,285,275,1014,960,937,629,890,629,1859,1695]} 1. e4 c5 2. Nf3 e6 3. d4 cxd4 4. Nxd4 Nc6 5. Nc3 a6 6. Be3 Nf6 7. Qf3 {B46: Sicilian: Taimanov: 5 Nc3 a6} (7. Bd3 Qc7 8. O-O h5 9. h3 b5 10. Qd2 Bb7 11. Rae1 Ne5 12. f4 Nc4 13. Bxc4 Qxc4 14. e5 Ne4 15. Nxe4 Bxe4 16. b3 Qd5 17. Rd1 Rc8 {0-1 (44) Vachier Lagrave,M (2778)-Kamsky,G (2666) Germany 2019}) 7... Bb4 8. Nxc6 bxc6 9. Bd3 {White has an edge.} e5 10. Qg3 d6 $146 ({Predecessor:} 10... O-O 11. O-O Qe7 12. Bg5 Qe6 13. Bc4 Qd6 14. Rfd1 Nh5 15. Rxd6 Nxg3 {1-0 (32) Lugovskoy,M (2470)-Belous,V (2566) St Petersburg 2015}) 11. O-O Nh5 12. Qf3 Nf6 13. Qg3 Nh5 14. Qf3 Nf6 15. Na4 Ba5 16. h3 O-O 17. Rad1 h6 18. Qg3 Nh5 19. Qf3 Nf6 20. Bc4 Bc7 21. Bc5 Re8 22. Rfe1 Rb8 23. Qa3 {[%cal Rc5d6]} d5 {[#]} (23... Be6 $11 24. Bxa6 d5) 24. exd5 $1 $16 cxd5 {[#]} 25. Bxd5 $1 {[%mdl 512]} Nxd5 26. c4 Ba5 27. Rxd5 Qh4 28. Nc3 {Played: Bc5-e7} 1-0

[Event "47. Sparkassen Chess-Meeting 2019"]
[Site "Dortmund"]
[Date "2019.07.13"]
[Round "1"]
[White "Radjabov, Teimour"]
[Black "Wojtaszek, Radoslaw"]
[Result "1/2-1/2"]
[WhiteElo "2759"]
[BlackElo "2737"]
[Annotator "TA"]
[PlyCount "79"]
[EventDate "2019.07.13"]
[EventCountry "GER"]
[SourceTitle "playchess.com"]
[Source "ChessBase"]
[SourceQuality "1"]

{[%evp 25,79,33,27,27,30,14,33,18,32,32,32,31,26,33,1,41,45,40,47,0,0,0,0,0,0,0,0,0,0,0,0,0,8,13,8,8,12,0,0,0,0,0,0,0,0,0,0,0,0,0,0,0,0,0,0,0]} 1. e4 e5 2. Nf3 Nc6 3. Bb5 a6 4. Ba4 Nf6 5. O-O Be7 6. Re1 b5 7. Bb3 d6 ({Predecessor:} 7... O-O 8. c3 {½-½ (29) Voiculescu,C (2458)-Repp,H (2508) ICCF email 2016}) 8. c3 O-O 9. h3 Bb7 10. d4 Re8 11. Nbd2 Bf8 12. a3 h6 13. Bc2 d5 14. Nxe5 {C93: Closed Ruy Lopez: Smyslov Variation} Nxe5 15. dxe5 Rxe5 {[%cal Rd5e4]} 16. Nf3 {White is slightly better.} Re8 {[%cal Rf6e4]} 17. e5 Ne4 18. Qe2 $146 (18. Bf4 c5 19. a4 f5 20. Nd2 Qh4 21. Nxe4 dxe4 {½-½ (37) Tari,A (2599)-Vidit,S (2718) Wijk aan Zee 2018}) 18... c5 19. Nd2 {[%cal Rd2e4]} Rxe5 20. f3 c4 21. fxe4 {[#] Strongly threatening Nf3.} Bc5+ $1 22. Kh1 {Threatens to win with Nf3.} (22. Kh2 $5 {[%cal Rd2f3]}) 22... dxe4 $1 {The position is equal.} 23. Nf1 (23. Bxe4 $2 Qd7 $17) ({Much weaker is} 23. Nxe4 Qh4 $17) 23... e3 $1 24. Bxe3 Bxe3 25. Nxe3 {Hoping for Qf2.} Qh4 $1 {[%cal Rh4h3]} 26. Qg4 Qe7 $1 27. Qxg7+ $1 {[%mdl 64] [#] Decoy} Kxg7 28. Nf5+ Rxf5 29. Rxe7 Rf2 $132 {[%mdl 2112] Double Attack. Black is not holding back} 30. Rxb7 {Be4 is the strong threat.} Rxc2 $11 {[%mdl 4096] Endgame KRR-KRR} 31. Rf1 Rf8 32. Ra7 Rxb2 33. Rxa6 f5 34. Rf3 Rf6 35. Rg3+ Kf7 36. Ra7+ Ke6 37. Ra6+ Kf7 38. Ra7+ Ke6 39. Ra6+ Kf7 40. Ra7+ {Accuracy: White = 90%, Black = 93%.} 1/2-1/2

[Event "47. Sparkassen Chess-Meeting 2019"]
[Site "Dortmund"]
[Date "2019.07.13"]
[Round "1"]
[White "Rapport, Richard"]
[Black "Nepomniachtchi, Ian"]
[Result "1-0"]
[WhiteElo "2735"]
[BlackElo "2775"]
[Annotator "TA"]
[PlyCount "111"]
[EventDate "2019.07.13"]
[EventCountry "GER"]
[SourceTitle "playchess.com"]
[Source "ChessBase"]
[SourceQuality "1"]

{[%evp 9,111,-4,-7,0,8,3,30,27,18,30,25,20,16,10,25,9,26,0,0,3,11,3,4,0,3,7,25,22,35,33,29,28,42,39,52,52,58,60,62,62,69,41,90,90,90,83,156,141,202,202,192,190,172,170,171,166,189,149,149,149,149,149,149,149,149,149,149,149,149,149,222,222,222,222,222,222,222,222,222,222,222,222,222,222,414,391,568,568,588,587,557,568,1487,1294,4862,4818,4810,4810,4810,4806,2212,1887,1434,1387]} 1. Nf3 c5 2. c4 Nc6 3. d4 cxd4 4. Nxd4 Nf6 5. g3 e5 6. Nb5 {A31: Symmetrical English: 2 Nf3 Nf6 3 d4} Bb4+ 7. Bd2 {Hoping for Bxb4.} (7. N1c3 d6 8. a3 Bxc3+ 9. Nxc3 Be6 10. Bg2 Bxc4 11. Bg5 O-O 12. Rc1 Rc8 13. O-O {½-½ (33) Vitiugov,N (2730)-Leko,P (2691) Linares 2018}) 7... Bc5 8. N1c3 $146 {White has an edge.} ({Predecessor:} 8. Be3 Bb4+ 9. N1c3 O-O 10. a3 Bxc3+ 11. Nxc3 b6 12. Bg5 h6 13. Bxf6 Qxf6 {1-0 (48) Tratar,M (2475)-Rodriguez Gonzalez,A (1994) San Sebastian 2015}) 8... O-O 9. Bg2 a6 10. Na3 d6 11. O-O h6 12. Nc2 Be6 13. b3 d5 14. cxd5 Nxd5 15. Nxd5 Bxd5 {[#]} 16. Bg5 $1 {[%mdl 512]} hxg5 (16... Qxg5 17. Qxd5) 17. Qxd5 Qe7 18. Rfd1 Rad8 19. Qc4 b5 20. Qe4 Nd4 21. Nxd4 Bxd4 22. Rac1 b4 23. e3 Bc3 24. Rd3 g6 25. Rcd1 Rxd3 26. Qxd3 Kg7 27. a4 Qf6 (27... Qe6 $142) 28. Qd7 $16 a5 (28... Qf5 $16 {was necessary.}) 29. Be4 $1 $18 {Rd6 is the strong threat.} Qe6 30. Qxe6 fxe6 {[%mdl 4096] Endgame KRB-KRB} 31. g4 Kf6 32. Rd7 $1 Rc8 33. Bd3 e4 34. Bxe4 Be5 35. Bd3 Rc7 36. Rd8 Rc1+ 37. Kg2 Rd1 {[#] aiming for ...Ke7.} 38. Rd7 $1 Rd2 39. h3 Bb8 {[#]} (39... Bc3 $16 {was called for.} 40. Kf3 Ke5) 40. Kf1 $1 Bh2 41. Ke1 Rb2 42. Bc4 Bg1 43. Rd6 Bxf2+ 44. Kd1 Bg1 45. Rxe6+ Kg7 46. e4 Rh2 $2 (46... Rb1+ 47. Kc2 Re1) 47. e5 Rxh3 (47... Bc5 $142 48. Rc6 Rh1+ 49. Ke2 Rh2+ 50. Kf3 Be7) 48. Re7+ {White is clearly winning.} Kf8 49. Rf7+ Ke8 50. e6 {Threatening mate with Bb5+.} Re3 {and the idea ...Kd8 leaves Black hopeful.} 51. Kd2 Kd8 52. Rf1 Rg3 53. Rf8+ Ke7 54. Rf7+ Kd6 55. Rd7+ Kc6 56. Bd5+ {Accuracy: White = 90%, Black = 53%.} 1-0

[Event "47. Sparkassen Chess-Meeting 2019"]
[Site "Dortmund"]
[Date "2019.07.13"]
[Round "1"]
[White "Fridman, Daniel"]
[Black "Kulaots, Kaido"]
[Result "1-0"]
[WhiteElo "2638"]
[BlackElo "2560"]
[Annotator "TA"]
[PlyCount "77"]
[EventDate "2019.07.13"]
[EventCountry "GER"]
[SourceTitle "playchess.com"]
[Source "ChessBase"]
[SourceQuality "1"]

{[%evp 12,77,25,17,6,6,17,7,9,13,27,9,12,6,13,13,60,59,57,57,68,77,46,52,161,141,397,411,386,333,433,359,383,366,381,372,325,253,249,245,426,25,22,26,39,40,137,141,133,137,162,113,126,95,665,648,851,840,824,806,29983,29984,29988,29989,29996,29997,29997,29998]} 1. e4 c5 2. c3 d5 3. exd5 Qxd5 4. d4 Nf6 5. Nf3 e6 6. Na3 Nc6 7. Be3 cxd4 {B22: Sicilian: 2 c3} 8. Nb5 $1 {[%cal Rb5c7]} Qd8 9. Nbxd4 Nd5 {The position is equal.} 10. Bg5 (10. Bd3 Nxe3 11. fxe3 Bd7 12. Qc2 g6 13. O-O-O Bg7 14. Kb1 O-O 15. h4 {½-½ (23) Zhigalko,S (2604)-Alekseev,E (2639) St Petersburg 2018}) 10... f6 11. Nxc6 bxc6 12. Bd2 e5 13. Qc2 Be6 $146 ({Predecessor:} 13... Qb6 14. Bd3 Ba6 15. O-O Bxd3 16. Qxd3 {½-½ (43) Sebag,M (2492)-Ovod,E (2366) Stary Smokovec 2018}) 14. Bd3 g6 15. h4 Qd7 16. O-O-O Bc5 17. c4 Bxf2 ({Better is} 17... Nb6 $14) 18. Kb1 Rb8 $2 {[%mdl 8192]} (18... Rc8 $16) 19. h5 $18 (19. cxd5 Qxd5 20. b3 Qxd3 $18) 19... Ne7 {...Qxd3! would now be nice for Black.} 20. Bc3 Bf5 21. g4 {Black must now prevent Bxf5.} (21. hxg6 Bxd3 22. Rxd3 Qf5 $18) 21... Bxd3 22. Rxd3 Qxg4 23. Qxf2 Qxc4 24. Rhd1 O-O 25. Qxa7 e4 $2 (25... Rfe8 26. b3 Qe6 27. hxg6 hxg6) 26. Qxe7 $2 (26. Re3 $18 Rbe8 27. Nd2) 26... exd3 $11 27. Rc1 {aiming for Ne5!} (27. hxg6 Rxb2+ 28. Kxb2 Rb8+ 29. Qb4 Rxb4+ 30. Bxb4 Qxb4+ 31. Kc1 Qc3+ 32. Kb1 Qc2+ 33. Ka1 Qxd1+ 34. Kb2 Qc2+ 35. Ka3 c5 36. gxh7+ Kh8 37. Nd4 Qc3+ 38. Nb3 Kxh7 39. Ka4 Qb4#) 27... Rbe8 $1 {[%cal Re8e7]} 28. Qc7 {[%mdl 1024] White has compensation.} Qe4 ({Black should play} 28... Rf7 $14 29. Qd6 Qd5 30. Qxd5 cxd5) 29. Nd2 $40 {[%mdl 128] White wants a kill.} Qd5 30. hxg6 hxg6 {[#]} 31. Rg1 $1 {[%mdl 512]} g5 32. Qh2 $1 {[%cal Rh2h6] And now Qh6 would win.} Kg7 $2 {[%mdl 8192]} (32... Re2 $16 33. Qh5 Qf5) 33. Qh5 $18 Qg2 {[#]} 34. Nf3 $1 (34. Rxg2 $2 {is a self mate.} Re1+ 35. Qd1 Rxd1#) (34. Rh1 $2 {[#]} Rh8 $1 $19 {[%mdl 512]}) 34... d2 35. Bxd2 (35. Rxg2 $2 {gets mated.} d1=Q#) 35... Qe2 {[#]} 36. Bc3 $1 {[%csl Gf3,Gh5][%cal Rg1g5] White mates.} Qd3+ 37. Ka1 Kg8 {[#]} 38. Rxg5+ $1 {[%mdl 512]} fxg5 39. Qxg5+ {Accuracy: White = 76%, Black = 30%.} 1-0

[Event "47. Sparkassen Chess-Meeting 2019"]
[Site "Dortmund"]
[Date "2019.07.14"]
[Round "2.1"]
[White "Nisipeanu, Liviu-Dieter"]
[Black "Radjabov, Teimour"]
[Result "0-1"]
[WhiteElo "2672"]
[BlackElo "2759"]
[Annotator "TA"]
[PlyCount "80"]
[EventDate "2019.07.13"]
[EventCountry "GER"]
[SourceTitle "playchess.com"]
[Source "ChessBase"]
[SourceQuality "1"]

{[%evp 9,80,20,20,8,8,8,4,4,7,0,5,-3,25,25,20,18,29,-6,-6,-20,-15,-17,-12,-12,-19,-18,-10,-18,-14,-3,-17,-26,-21,-14,-26,-24,-27,-141,-137,-155,-153,-155,-156,-183,-181,-247,-245,-252,-160,-150,-150,-205,-194,-197,-177,-201,-134,-282,-278,-264,-268,-264,-238,-577,-576,-566,-563,-907,-555,-646,-554,-546,-503]} 1. e4 e5 2. Nf3 Nc6 3. Bb5 Nf6 4. d3 Bc5 5. Bxc6 dxc6 6. Bg5 {C65: Ruy Lopez: Berlin Defence (3...Nf6), unusual lines and 4 0-0 Bc5} (6. Qe2 Qe7 7. h3 Bd6 8. Nbd2 Nd7 9. O-O O-O 10. Nc4 Re8 11. Re1 c5 12. Nh2 Nf8 13. f4 exf4 {½-½ (33) Aronian,L (2763)-Anand,V (2774) Karlsruhe/Baden Baden 2019}) 6... O-O 7. Nbd2 Re8 8. Bh4 $146 {The position is equal.} ({Predecessor:} 8. Nc4 Bd6 9. h3 Qe7 10. O-O Qe6 11. Re1 c5 12. Nfd2 Nd7 {0-1 (53) Paravyan,D (2634)-Leko,P (2669) Moscow 2018}) 8... b5 9. O-O a5 10. a4 Qd6 11. Bg3 Bg4 12. h3 Bh5 13. Bh2 Nd7 14. g4 Bg6 15. Nb3 Bb6 16. Nh4 f6 17. Nxg6 hxg6 18. Kg2 g5 19. c3 Nf8 20. Qc2 Qe7 21. Bg3 Ne6 22. Rfd1 Red8 23. c4 (23. Nd2 $11) 23... Qb4 $17 24. axb5 cxb5 25. cxb5 Qxb5 26. Ra3 a4 27. Nd2 (27. Nc1 $142) 27... Bc5 $19 28. Rc3 Bb4 29. Rc4 Nd4 30. Qb1 (30. Qc1 $17 {might work better.}) 30... Bxd2 31. Rxd2 {[#]} c5 $1 32. Rc3 Rd7 $36 {[%mdl 2048] Black has strong initiative.} 33. h4 (33. f3 $17 {was called for.}) 33... gxh4 34. Bxh4 g5 35. Bg3 Kg7 36. Ra3 $2 {[#]} (36. f3) 36... Nb3 {Black is clearly winning.} 37. Rd1 Rad8 38. Qa2 Rd4 39. Re1 Rb4 40. Qb1 Rxd3 {Accuracy: White = 44%, Black = 84%.} 0-1

[Event "47. Sparkassen Chess-Meeting 2019"]
[Site "Dortmund"]
[Date "2019.07.14"]
[Round "2.2"]
[White "Nepomniachtchi, Ian"]
[Black "Kulaots, Kaido"]
[Result "1-0"]
[WhiteElo "2775"]
[BlackElo "2560"]
[Annotator "TA"]
[PlyCount "97"]
[EventDate "2019.07.13"]
[EventCountry "GER"]
[SourceTitle "playchess.com"]
[Source "ChessBase"]
[SourceQuality "1"]

{[%evp 12,97,20,20,30,23,19,30,29,26,29,23,33,36,34,29,70,21,27,19,29,18,36,0,27,4,43,60,74,64,59,58,58,58,58,59,58,58,59,58,59,53,95,103,234,237,256,262,311,239,239,239,239,239,242,241,241,248,244,208,208,208,211,222,423,529,602,594,557,553,492,487,1114,1114,1010,984,975,367,29982,29983,29983,29984,29984,29985,29985,29986,29986,29987]} 1. e4 c5 2. Nf3 d6 3. d4 cxd4 4. Nxd4 Nf6 5. Nc3 a6 6. h3 e5 7. Nde2 h5 {B90: Sicilian Najdorf: Unusual White 6th moves, 6 Be3 Ng4 and 6 Be3 e5} 8. g3 (8. Nd5 Nxd5 9. Qxd5 Nc6 10. Qd1 Be6 11. Nc3 Rc8 12. Be3 Ne7 13. Be2 d5 14. exd5 Nxd5 15. Nxd5 Qxd5 {½-½ (26) Wang,H (2730)-Giri,A (2783) St Petersburg 2018}) 8... Be7 9. Bg2 Be6 {White has an edge.} 10. a4 Nbd7 11. O-O O-O 12. Be3 Qc7 13. b3 {[#]} Rfc8 $146 ({Predecessor:} 13... b6 14. f4 Nc5 15. f5 Bc8 16. Nd5 Nxd5 17. exd5 {1-0 (42) Schilcher,A (2523)-Zhak,B (2601) ICCF email 2015}) 14. a5 (14. f4 $5 {[%cal Rf4f5]} Nf8 15. Rc1 $14) 14... b5 15. axb6 $1 Nxb6 16. Ra2 a5 17. Qa1 Nbd7 18. Nb5 Qb8 19. c4 Bd8 20. Rd1 Ne8 21. Nec3 Bb6 22. Bxb6 Qxb6 23. Bf1 Nc5 24. Na4 Nxa4 25. Rxa4 h4 {Strongly threatening ...hxg3.} 26. g4 Bd7 {[#] Threatens to win with ...Bxb5.} 27. b4 $1 Bxb5 (27... Qb7 $16) 28. bxa5 $18 Rxa5 29. Rxa5 Bxc4 30. Rb1 Qd8 31. Bxc4 Rxc4 32. Qa2 Rc7 33. Ra8 Rc8 34. Ra7 Rc7 35. Rbb7 Rxb7 36. Rxb7 {[%mdl 4096] Endgame KQR-KQN} Qf6 37. Qa4 Qe6 $2 (37... Kf8 38. Rb8 Qe7) 38. Rb8 Kf8 39. g5 Qe7 40. Kh2 Qe6 41. Qa8 Qd7 (41... Qe7 $142 42. Qa4 Qe6) 42. Rb7 Qe6 43. Qd8 g6 44. Ra7 $2 (44. Kg2 d5 45. exd5) 44... Kg7 $2 {[#]} (44... d5 $18 45. Qxd5 (45. exd5 Qf5 $18) 45... Qxd5 46. exd5 Nd6) 45. Re7 $1 {[%mdl 64] Double Attack. White mates.} Qa2 46. Kg2 Qc4 47. Rxe8 Qxe4+ 48. Kh2 Qf4+ 49. Kg1 {Accuracy: White = 82%, Black = 58%.} 1-0

[Event "47. Sparkassen Chess-Meeting 2019"]
[Site "Dortmund"]
[Date "2019.07.14"]
[Round "2.3"]
[White "Wojtaszek, Radoslaw"]
[Black "Fridman, Daniel"]
[Result "1-0"]
[WhiteElo "2737"]
[BlackElo "2638"]
[Annotator "TA"]
[PlyCount "103"]
[EventDate "2019.07.13"]
[EventCountry "GER"]
[SourceTitle "playchess.com"]
[Source "ChessBase"]
[SourceQuality "1"]

{[%evp 15,103,31,21,28,21,25,24,8,0,0,13,0,16,11,13,0,8,0,0,0,20,7,39,39,33,34,71,69,85,77,147,148,151,146,150,152,146,155,146,146,141,157,153,150,150,152,157,151,157,164,153,158,171,172,168,155,240,240,277,262,275,272,343,341,431,413,509,502,488,481,466,467,801,802,778,765,816,693,1358,1267,2080,1896,4718,4718,4714,4610,2875,2775,2314,2114]} 1. c4 c6 2. Nf3 d5 3. e3 Nf6 4. Nc3 e6 5. d4 a6 6. b3 Bb4 7. Bd2 Nbd7 8. Bd3 O-O 9. O-O {D45: Semi-Slav: 5 e3} Bd6 10. Re1 h6 11. e4 {White has an edge.} dxc4 12. bxc4 {Strongly threatening e5.} e5 $1 13. c5 Bc7 14. Qc2 exd4 $146 ({Predecessor:} 14... Qe7 15. Ne2 exd4 16. Rac1 {1-0 (32) Bacrot,E (2695)-Brunner,N (2439) Belfort 2012}) 15. Ne2 Re8 16. Rad1 Qe7 17. Rc1 Rd8 18. Nexd4 Ne5 19. Nxe5 Qxe5 20. Nf3 Qe7 21. e5 Nd5 22. Qc4 Be6 (22... Re8 $142) 23. Qe4 $16 {White wants to mate with Qh7+.} f5 24. exf6 $1 Nxf6 25. Qg6 {Threatens to win with Bc4.} ({Don't do} 25. Qxe6+ $6 Qxe6 26. Rxe6 Rxd3 $16) 25... Qf7 {[#]} 26. Rxe6 $1 {[%mdl 512]} Qxe6 {[#]} 27. Bc4 $1 {[%mdl 512] White threatens Bxh6 and mate.} Rd5 28. Bxh6 $40 {[%csl Gh6][%cal Rg6g7][%mdl 128] White attacks with force.} Qf7 29. Qxf7+ Kxf7 30. Be3 Rad8 31. Rb1 R8d7 32. Kf1 Bb8 33. Bd4 Ke8 34. Bxd5 Nxd5 35. g3 Ba7 {[#]} (35... a5 $16 {keeps fighting.} 36. Re1+ Kf8) 36. Ne5 $1 $18 {[%cal Re5d7]} Re7 37. f4 Kd8 38. Kf2 Nf6 39. Kf3 Kc7 40. h4 Nd7 41. Nxd7 {White is clearly winning.} Rxd7 {[%mdl 4096] Endgame KRB-KRB} 42. Be5+ Kc8 43. Bd6 Bb8 (43... b5 $142 44. cxb6 Bxb6 45. Rxb6 Rxd6) 44. Bxb8 Kxb8 {KR-KR} 45. g4 Rd5 46. Rc1 g6 47. Rh1 Rxc5 48. h5 gxh5 49. gxh5 Rf5 50. h6 Rf8 51. h7 Rh8 52. Ke4 {Accuracy: White = 92%, Black = 47%.} 1-0

[Event "47. Sparkassen Chess-Meeting 2019"]
[Site "Dortmund"]
[Date "2019.07.14"]
[Round "2.4"]
[White "Rapport, Richard"]
[Black "Dominguez Perez, Leinier"]
[Result "1/2-1/2"]
[WhiteElo "2735"]
[BlackElo "2760"]
[Annotator "TA"]
[PlyCount "93"]
[EventDate "2019.07.13"]
[EventCountry "GER"]
[SourceTitle "playchess.com"]
[Source "ChessBase"]
[SourceQuality "1"]

{[%evp 18,93,25,17,16,16,21,13,16,11,9,16,19,14,20,16,5,8,14,17,10,0,3,3,3,3,3,0,8,0,0,0,0,0,0,0,0,0,0,0,0,0,0,0,0,0,0,0,0,0,0,0,0,0,0,0,0,0,0,0,0,0,0,0,0,0,0,0,0,0,0,0,0,0,0,0,0,0]} 1. Nf3 d5 2. g3 Nf6 3. Bg2 e6 4. O-O Be7 5. c4 O-O 6. b3 c5 7. cxd5 Nxd5 8. Bb2 Nc6 9. d4 cxd4 10. Nxd4 Bd7 {The position is equal. A14: English Opening: 1...e6 with b3 by White} (10... Nxd4 11. Qxd4 Bf6 12. Qd2 Bxb2 13. Qxb2 Rb8 14. Rd1 Qf6 15. Qd4 Qxd4 16. Rxd4 Nf6 17. Na3 b6 18. Nb5 a5 19. Rad1 {1-0 (66) Jones,G (2681)-Safarli,E (2662) Astana 2019}) 11. Na3 Bf6 12. Rc1 Nxd4 13. Bxd4 Bc6 14. Nc4 {[#]} Nb4 $146 ({Predecessor:} 14... Rc8 15. Bxf6 Qxf6 16. e4 Nb4 17. Qd2 Qe7 18. Nd6 Rcd8 19. Rfd1 Na6 20. e5 Bxg2 21. Kxg2 {½-½ (94) Hakobyan,A (2542)-Shevchenko,K (2569) Kirishi 2018}) 15. Bxf6 Qxf6 16. Qd2 Bxg2 17. Kxg2 Nc6 18. Rfd1 Rfd8 19. Qe3 Rxd1 20. Rxd1 Rd8 21. Rd2 h6 22. h4 Qe7 23. f3 b5 24. Rxd8+ Qxd8 25. Ne5 Nxe5 26. Qxe5 $11 {[%mdl 4096] Endgame KQ-KQ} a6 27. a4 bxa4 28. bxa4 a5 29. h5 Qd2 30. Qb5 Kf8 31. Qc5+ Kg8 32. Kf2 Kh7 33. f4 g6 34. hxg6+ Kxg6 35. Kf3 Qe1 36. Qc2+ Kg7 37. Qb2+ Kg8 38. Kg2 Qb4 39. Qxb4 axb4 {KP-KP} 40. a5 b3 {[#] Strongly threatening ...b2.} 41. a6 {Hoping for a7.} b2 42. a7 b1=Q 43. a8=Q+ Kg7 44. Qf3 Qa1 45. Qg4+ Kh7 46. Qf3 Kg7 47. Qg4+ {Accuracy: White = 72%, Black = 87%.} 1/2-1/2

[Event "47. Sparkassen Chess-Meeting 2019"]
[Site "Dortmund"]
[Date "2019.07.14"]
[Round "3.1"]
[White "Kulaots, Kaido"]
[Black "Wojtaszek, Radoslaw"]
[Result "1/2-1/2"]
[WhiteElo "2560"]
[BlackElo "2737"]
[Annotator "TA"]
[PlyCount "81"]
[EventDate "2019.07.13"]
[EventCountry "GER"]
[SourceTitle "playchess.com"]
[Source "ChessBase"]
[SourceQuality "1"]

{[%evp 24,81,0,0,0,0,0,0,0,0,0,-20,-20,-47,-41,-50,-30,-72,-50,-52,-46,-66,-66,-59,-58,-60,-64,-61,-56,-62,-41,-46,-12,-46,-13,-15,-9,-52,-19,-23,0,0,0,0,0,0,0,0,25,0,0,0,0,0,11,0,0,0,21,0]} 1. e4 c6 2. d4 d5 3. Nc3 dxe4 4. Nxe4 Bf5 5. Ng3 Bg6 6. h4 h6 7. Nf3 Nd7 8. h5 Bh7 9. Bd3 Bxd3 10. Qxd3 e6 11. Bd2 Ngf6 12. O-O-O Be7 13. Kb1 Qb6 {B19: Classical Caro-Kann: 4...Bf5 main line} (13... O-O 14. Ne4 c5 15. g4 Nxg4 16. Qe2 Qb6 17. Ne5 Ndxe5 18. dxe5 f5 19. exf6 Nxf6 20. Nc3 Rad8 21. Rhg1 Kh8 22. Rg6 {½-½ (38) Saric,I (2662)-Nisipeanu,L (2672) Heraklio 2017}) 14. Rhe1 O-O 15. Nf5 Bb4 16. Bxb4 Qxb4 17. c3 (17. a3 {seems wilder.} Qb6 18. Ne7+ Kh8 19. Rxe6 fxe6 20. Nh4) 17... Qa5 18. Ng3 $146 ({Predecessor:} 18. Ne7+ Kh8 19. Rxe6 fxe6 20. Nh4 g5 21. Nhg6+ {½-½ (53) Skalicky,F (2206)-Welik,L (2213) ICCF email 2014}) 18... Rad8 19. Qc2 c5 20. dxc5 Qxc5 21. Rd4 Nb6 22. Qd3 Rxd4 23. Qxd4 Qxd4 24. Nxd4 Nbd5 25. Nb5 a6 26. Nd6 b5 27. Nde4 Rd8 28. Kc2 Ng4 29. Ne2 Rc8 30. a3 f5 31. Nd6 Rc6 32. Nb7 $1 Rc7 33. Nd8 e5 34. Ng3 $1 {[%cal Rg3f5]} f4 35. Nf5 Rc8 36. Ne6 Rc6 {The position is equal.} 37. Nexg7 Kf7 38. Rd1 Ngf6 39. Re1 Ng4 40. Rd1 Ngf6 41. Re1 {Accuracy: White = 67%, Black = 70%.} 1/2-1/2

[Event "47. Sparkassen Chess-Meeting 2019"]
[Site "Dortmund"]
[Date "2019.07.14"]
[Round "3.2"]
[White "Fridman, Daniel"]
[Black "Nisipeanu, Liviu-Dieter"]
[Result "0-1"]
[WhiteElo "2638"]
[BlackElo "2672"]
[Annotator "TA"]
[PlyCount "76"]
[EventDate "2019.07.13"]
[EventCountry "GER"]
[SourceTitle "playchess.com"]
[Source "ChessBase"]
[SourceQuality "1"]

{[%evp 20,76,37,-10,18,18,20,0,43,0,0,0,0,0,0,0,0,0,23,30,25,23,20,11,10,6,12,0,11,0,9,0,0,0,0,-131,-126,-169,-154,-156,-158,-162,-45,-61,-59,-187,-155,-393,-382,-593,-602,-579,-588,-620,-585,-958,-955,-938,-919]} 1. d4 Nf6 2. c4 d6 3. Nf3 g6 4. g3 Bg7 5. Bg2 O-O 6. Nc3 Nbd7 {[%cal Bb8d7,Bd7c5,Bc5e6][%mdl 32]} 7. O-O e5 8. e4 exd4 9. Nxd4 Re8 10. Re1 Nc5 11. Nb3 Ne6 {E68: King's Indian: Fianchetto: 6...Nbd7 7 0-0 e5 8 e4} 12. Be3 a5 13. h3 Bd7 {The position is equal.} (13... a4 14. Nd4 Nxd4 15. Bxd4 Be6 16. Qd3 c6 17. Rad1 Qa5 18. Qf3 Nd7 19. Bxg7 Kxg7 20. Qe3 {1-0 (44) Edouard,R (2608)-Lagarde,M (2423) Cappelle-la-Grande 2010}) 14. a4 Bc6 15. Nd4 $146 ({Predecessor:} 15. Qc2 Nd7 16. Red1 b6 17. f4 Qc8 18. Nb5 Nec5 19. Nxc5 Nxc5 20. Bxc5 bxc5 {½-½ (81) Kalinitschew,S (2499)-Reschke,S (2379) Griesheim 2006}) 15... Nxd4 16. Bxd4 Nd7 17. Bxg7 Kxg7 18. Nb5 Bxb5 19. axb5 Nc5 20. Qd4+ Kg8 {With the idea ...Nb3.} 21. Re3 Qe7 22. f4 a4 {Threatens to win with ...Nb3.} 23. Rae1 Rad8 24. Qc3 Qf8 25. Kh2 Re6 26. Qa5 Qe7 27. e5 (27. R1e2 $11 {remains equal.}) 27... dxe5 $17 28. Rxe5 {[#]} b6 $1 {[%cal Rb6a5]} 29. Qc3 Rd3 30. Qc2 {[#]} Rxe5 (30... Rb3 $1 $19 31. Qd2 h5) 31. Rxe5 $15 Qd6 32. Bd5 (32. Rd5 $1 $15 Rxd5 33. Bxd5) 32... Rb3 33. Kh1 $2 (33. Qd2 $17) 33... Rxg3 $19 34. Qf2 (34. Qe2 {keeps fighting.} Nd3 35. Re8+ Kg7 36. Qe7 Rxh3+ 37. Kg1 Nxf4 38. Rg8+ Kh6 39. Qxd6 cxd6 40. Bxf7) 34... Rxh3+ {Black is clearly winning.} 35. Kg2 Qd7 36. Rg5 Rd3 {( -> ...Qh3+)} 37. f5 Rxd5 38. cxd5 Ne4 {Accuracy: White = 34%, Black = 67%.} 0-1